| 000 | 00299nam a2200097Ia 4500 | ||
|---|---|---|---|
| 008 | 220120s9999||||xx |||||||||||||| ||und|| | ||
| 100 |
_aBanuprakash, H.S _912042 |
||
| 245 | 0 | _aWeb developments tools | |
| 260 |
_aCoorg Institute of Technology _bPonnampet _c2005 |
||
| 650 | _aELECTRONICS AND COMMUNICATIONS | ||
| 999 |
_c137626 _d137626 |
||